| 000 | 01448nam a2200397 a 4500 | ||
|---|---|---|---|
| 001 | 000115169 | ||
| 003 | CHAP | ||
| 005 | 20220329144520.0 | ||
| 008 | 181107s2018 mx a sm |||||||spa d | ||
| 010 | _a111630 | ||
| 011 | _a112602 | ||
| 040 | _cCHAP | ||
| 090 | _aTesis | ||
| 100 | 1 |
_aGonzález Galicia, Mercedes. _9136118 |
|
| 245 | 1 | 0 |
_aAnálisis de las variables de producción y precio de la fresa de México / _h[En línea] _cpor Mercedes González Galicia. |
| 260 |
_aChapingo, Méx. : _bEl autor, _c2018. |
||
| 500 | _aPara ver el contenido del material haga clic en la liga | ||
| 502 | _aTesis (Lic.en Economía) -- UACH. Departamento de Ciencias Económico-Administrativas | ||
| 590 |
_aBATCH-UPD _b10 _c20190617 _lUCH01 _h1218 |
||
| 590 |
_aE11695DGD _b10 _c20190617 _lUCH01 _h1217 |
||
| 590 |
_aE8697GMM _b05 _c20181107 _lUCH01 _h1406 |
||
| 590 |
_aE8697GMM _b05 _c20181107 _lUCH01 _h1407 |
||
| 590 |
_aE8697GMM _b05 _c20181107 _lUCH01 _h1410 |
||
| 590 |
_aE8697GMM _b05 _c20181108 _lUCH01 _h0915 |
||
| 590 |
_aE8697GMM _b05 _c20181203 _lUCH01 _h1001 |
||
| 590 |
_aE8697GMM _b05 _c20190517 _lUCH01 _h1336 |
||
| 650 | 1 | 4 |
_aFresa _xExportación. _943206 |
| 650 | 1 | 4 |
_aFresa _xMercadeo. _943221 |
| 650 | 1 | 4 |
_aFresa _xMéxico. _943223 |
| 650 | 1 | 4 |
_aFresa _xPrecios. _943227 |
| 650 | 1 | 4 |
_aFresa _xProducción. _9134551 |
| 856 |
_aFinding aid _uhttp://10.13.5.2/tesis/sist115169.pdf _zTeclea aquí |
||
| 901 | _aBK | ||
| 942 | _cTESIS | ||
| 942 | _n0 | ||
| 999 |
_c111630 _d111630 |
||